[Event "AUTO-INT-1174"]
[Site "http://www.queenalice.com/game.php?id=524836"]
[Date "2009.1.18"]
[Round "1"]
[White "Nemer"]
[Black "dhiratsuka"]
[Result "0-1"]
[WhiteElo "1498"]
[BlackElo "1470"]

1. e4 c6 2. d4 e6 3. e5 Na6 4. Nf3 Nh6 5. Nc3 d5 6. Bxa6 bxa6 7. Bg5 Be7 8. Qd2
f6 9. Bxh6 gxh6 10. Qxh6 Kd7 11. O-O Qf8 12. Qxf8 Rxf8 13. Rad1 f5 14. h4 Rb8
15. b3 Bb4 16. Ne2 a5 17. Ng5 Ba6 18. Nf4 c5 19. c3 Bxf1 20. Ngxe6 Be2 21. Rc1
Ba3 22. Nxf8+ Rxf8 23. Nxe2 Bxc1 24. Nxc1 cxd4 25. cxd4 Rc8 26. Ne2 Rc2 27. Nf4
Rxa2 28. Nxd5 Rd2 29. g3 Rxd4 30. Nf6+ Ke6 31. Nxh7 Kxe5 32. f4+ Ke4 33. Kg2 Rb4
34. Nf6+ Kd4 35. h5 Rxb3 36. h6 a4 37. h7 Rb2+ 0-1

[Event "AUTO-INT-1174"]
[Site "http://www.queenalice.com/game.php?id=524837"]
[Date "2009.1.18"]
[Round "1"]
[White "dhiratsuka"]
[Black "Nemer"]
[Result "0-1"]
[WhiteElo "1519"]
[BlackElo "1499"]

1. e3 e5 2. Be2 f5 3. d4 e4 4. Nc3 d5 5. Qd2 g5 6. f3 g4 7. fxg4 fxg4 8. a4 Nc6
9. Rb1 Bb4 10. Kd1 Qh4 11. h3 g3 12. Qe1 Bf5 13. Bd2 Nge7 14. Bh5+ Qxh5+ 15. Qe2
Qxe2+ 16. Ngxe2 O-O-O 17. b3 h5 18. Nb5 Bxd2 19. Kxd2 h4 20. Nf4 Kb8 21. c4 a6
22. Nc3 Nb4 23. Ncxd5 Nbxd5 24. cxd5 Nxd5 25. Nxd5 Rxd5 26. b4 b5 27. a5 Rh6 28.
Rbf1 Rc6 29. Rf4 Rc4 30. Rc1 Rxb4 31. Rc5 Be6 32. Rxh4 Rb3 33. Rh6 Bf7 34. Rxa6
Rd3+ 35. Ke2 Bh5+ 36. Ke1 Rd1# 0-1

[Event "AUTO-INT-1174"]
[Site "http://www.queenalice.com/game.php?id=524838"]
[Date "2009.1.18"]
[Round "1"]
[White "Nemer"]
[Black "ReidoBaralho"]
[Result "0-1"]
[WhiteElo "1516"]
[BlackElo "1519"]

1. e4 e5 2. Nf3 Nc6 3. Bc4 Bb4 4. c3 Be7 5. O-O Na5 6. Bb5 c6 7. Bd3 Nf6 8. b4
d5 9. Nxe5 dxe4 10. Be2 Bd6 11. Nxf7 Kxf7 12. bxa5 Qxa5 13. Qb3+ Nd5 14. c4 Nf4
15. Nc3 b6 16. c5+ Be6 17. Qa3 Bxc5 18. Qxa5 bxa5 19. Bd1 Nd3 20. Nxe4 Bd4 21.
Nd6+ Ke7 22. Ba3 Bxa1 23. Ne4+ Kd7 24. Bc2 Bb2 25. Nc5+ Nxc5 26. Bxb2 Bxa2 27.
Bxg7 Rhg8 28. Be5 Rg5 29. Bf4 Rg4 30. Bf5+ Be6 31. h3 Rxf4 32. Bxh7 a4 0-1

[Event "AUTO-INT-1174"]
[Site "http://www.queenalice.com/game.php?id=524839"]
[Date "2009.1.18"]
[Round "1"]
[White "ReidoBaralho"]
[Black "Nemer"]
[Result "0-1"]
[WhiteElo "1525"]
[BlackElo "1412"]

1. e4 e5 2. Qh5 d6 3. Nf3 g6 4. Qh4 Be7 5. Qg3 h5 6. Ng1 Bg4 7. Bb5+ c6 8. Bc4
Bh4 9. Qb3 Qf6 10. Qxb7 Qxf2# 0-1

[Event "AUTO-INT-1174"]
[Site "http://www.queenalice.com/game.php?id=524840"]
[Date "2009.1.18"]
[Round "1"]
[White "Nemer"]
[Black "volga1"]
[Result "0-1"]
[WhiteElo "1502"]
[BlackElo "1831"]

1. e4 c5 2. Bc4 Nc6 3. c3 d6 4. d4 cxd4 5. cxd4 e6 6. d5 exd5 7. exd5 Ne5 8.
Bb5+ Bd7 9. Be2 Nf6 10. Nf3 Qa5+ 11. Bd2 Qxd5 12. Nc3 Qe6 13. Bb5 Nxf3+ 14. Kf1
Nxd2+ 15. Qxd2 Bxb5+ 16. Nxb5 Qc4+ 17. Qe2+ Qxe2+ 18. Kxe2 Kd7 19. Rhd1 a6 20.
Nc3 g6 21. a4 Re8+ 22. Kf1 Ne4 23. Nd5 Re5 24. Nb6+ Kc6 25. Nc4 Rc5 26. Rac1 b5
27. axb5+ axb5 28. Na5+ Kb6 29. Nb3 Rxc1 30. Rxc1 Be7 31. Nd4 Nd2+ 32. Kg1 Ra8
33. Rc6+ Kb7 34. Rc2 Ra1+ 0-1

[Event "AUTO-INT-1174"]
[Site "http://www.queenalice.com/game.php?id=524841"]
[Date "2009.1.18"]
[Round "1"]
[White "volga1"]
[Black "Nemer"]
[Result "1-0"]
[WhiteElo "1865"]
[BlackElo "1479"]

1. e4 e5 2. Nf3 Nc6 3. Bc4 Nf6 4. Nc3 Bc5 5. O-O Nxe4 6. Nxe4 d5 7. Nxc5 e4 8.
Nxe4 dxe4 9. Re1 Bf5 10. d4 O-O 11. Ng5 Bg6 12. d5 Ne5 13. Bb3 c5 14. Nxe4 c4
15. Ba4 a6 16. Ng5 b5 17. Bxb5 axb5 18. Rxe5 f6 19. Ne6 Qd6 20. Nxf8 Bf7 21. Re4
Rxf8 22. Bf4 Qxd5 23. Qxd5 Bxd5 24. Rd4 Ba8 25. Rad1 Bc6 26. Rd8 Rxd8 27. Rxd8+
Kf7 28. Rc8 Bd7 29. Rc7 Ke7 30. b3 Kd8 31. Rxd7+ Kxd7 32. f3 g6 33. Kf2 Ke6 34.
bxc4 1-0

[Event "AUTO-OPEN-1408"]
[Site "http://www.queenalice.com/game.php?id=524923"]
[Date "2009.1.18"]
[Round "1"]
[White "goldenboy"]
[Black "Nemer"]
[Result "1-0"]
[WhiteElo "2018"]
[BlackElo "1508"]

1. e4 e5 2. f4 Bc5 3. Nf3 f6 4. Bc4 Nc6 5. fxe5 fxe5 6. d3 d5 7. Bxd5 Nd4 8.
Nxd4 Bxd4 9. c3 Bc5 10. Qh5+ g6 11. Qxe5+ Be7 12. Qxh8 Bh4+ 13. g3 Be7 14. Qxg8+
Kd7 15. Be6+ Kd6 16. Bf4+ Kc6 17. Bd5+ Kd7 18. Be6+ Kc6 19. Qxd8 Bxd8 20. Bxc8
Rxc8 21. Nd2 b6 22. O-O-O Kb7 23. d4 g5 24. Be3 h6 25. Nc4 1-0

[Event "AUTO-OPEN-1408"]
[Site "http://www.queenalice.com/game.php?id=524924"]
[Date "2009.1.18"]
[Round "1"]
[White "Nemer"]
[Black "goldenboy"]
[Result "0-1"]
[WhiteElo "1500"]
[BlackElo "2036"]

1. e4 e5 2. Nf3 Nc6 3. Bb5 Bc5 4. O-O d6 5. Nc3 Ne7 6. a3 Bg4 7. Nd5 O-O 8. h3
Bh5 9. c3 Nxd5 10. exd5 Ne7 11. d4 Bxf3 12. Qxf3 exd4 13. cxd4 Bxd4 14. Bd3 Ng6
15. Bf4 Qf6 16. g3 Nxf4 17. gxf4 Bxb2 18. Qe4 g6 19. Ra2 Qd4 20. Qe2 Bc3 21. Rd1
Qxf4 22. Bb5 Be5 23. f3 Qg3+ 24. Qg2 Qxg2+ 25. Rxg2 f5 26. h4 Kf7 27. Rf1 Kf6
28. f4 Bd4+ 29. Kh1 a6 30. Ba4 b5 31. Bc2 Rfe8 32. Rg5 Re3 33. h5 Rae8 34. hxg6
hxg6 35. Rfg1 Rh3+ 36. Kg2 Bxg1 37. Kxh3 Bc5 38. a4 b4 39. Kg3 b3 0-1

[Event "AUTO-OPEN-1408"]
[Site "http://www.queenalice.com/game.php?id=524951"]
[Date "2009.1.18"]
[Round "1"]
[White "TecmoTim"]
[Black "Nemer"]
[Result "1-0"]
[WhiteElo "2195"]
[BlackElo "1506"]

1. e4 e5 2. Nf3 Nc6 3. Bc4 Bc5 4. c3 d6 5. d4 Bg4 6. dxc5 Qf6 7. cxd6 cxd6 8.
Bg5 Qg6 9. Nbd2 f6 10. Be3 Nge7 11. h3 Qh5 12. Qb3 Na5 13. Bb5+ Nec6 14. Qa4 a6
15. Qxa5 O-O 16. Bxc6 bxc6 17. O-O-O Rfd8 18. hxg4 Qf7 19. Qa4 c5 20. Nc4 d5 21.
Rxd5 Rxd5 22. exd5 Qxd5 23. Rd1 Qb7 24. Qd7 Qxd7 25. Rxd7 1-0

[Event "AUTO-OPEN-1408"]
[Site "http://www.queenalice.com/game.php?id=524952"]
[Date "2009.1.18"]
[Round "1"]
[White "Nemer"]
[Black "TecmoTim"]
[Result "0-1"]
[WhiteElo "1510"]
[BlackElo "2194"]

1. e4 c5 2. Bc4 Nc6 3. Nf3 e6 4. c3 d5 5. exd5 exd5 6. Bb5 Bd6 7. d4 Ne7 8. Ne5
O-O 9. Bd3 Nxe5 10. dxe5 Bxe5 11. Qh5 Ng6 12. Bxg6 hxg6 13. Qf3 Re8 14. O-O Be6
15. Na3 a6 16. Be3 Rc8 17. Rad1 Qc7 18. c4 d4 19. Bf4 Bxf4 20. g3 Bd6 21. Nc2
Bxc4 22. b3 Bxf1 23. Kxf1 Qc6 24. b4 Qxf3 0-1

[Event "AUTO-OPEN-1408"]
[Site "http://www.queenalice.com/game.php?id=524971"]
[Date "2009.1.18"]
[Round "1"]
[White "Nemer"]
[Black "anderson_amorim89"]
[Result "0-1"]
[WhiteElo "1504"]
[BlackElo "2090"]

1. e4 e5 2. Nf3 Nc6 3. Bb5 Bc5 4. O-O d6 5. c3 Bg4 6. h3 Bxf3 7. Qxf3 Ne7 8. d4
exd4 9. cxd4 Bxd4 10. Bg5 Bxb2 11. Bc4 O-O 12. Nd2 Bxa1 13. Rxa1 Ne5 14. Qe2
Nxc4 15. Qxc4 Qd7 16. f3 Ng6 17. Rb1 Ne5 18. Qc3 b5 19. f4 Ng6 20. f5 Ne5 21.
Qg3 f6 22. Bh6 Rf7 23. Nf3 c5 24. Rd1 a5 25. Nxe5 fxe5 26. Rf1 Kh8 27. Rd1 gxh6
0-1

[Event "AUTO-OPEN-1408"]
[Site "http://www.queenalice.com/game.php?id=524972"]
[Date "2009.1.18"]
[Round "1"]
[White "anderson_amorim89"]
[Black "Nemer"]
[Result "1-0"]
[WhiteElo "2106"]
[BlackElo "1481"]

1. e4 e5 2. Nf3 Nc6 3. Bb5 a6 4. Ba4 b5 5. Bb3 Nf6 6. Ng5 Nd4 7. Nxf7 Qe7 8.
Nxh8 Nxe4 9. Qh5+ Kd8 10. Nf7+ Ke8 11. Nxe5+ Kd8 12. d3 Nf6 13. Qg5 d6 14. O-O
dxe5 15. Re1 h6 16. Qxe5 Qxe5 17. Rxe5 Bd6 18. Re1 Ng4 19. h3 Nxb3 20. axb3 Ne5
21. Nc3 b4 22. Ne4 Be7 23. Bf4 Ng6 24. Bg3 h5 25. Nd2 Bf6 26. Nc4 Nh4 27. Bxh4
Bxh4 28. Ne5 Bf5 29. Ra5 1-0